| 000 | 01768nam a2200421 a 4500 | ||
|---|---|---|---|
| 001 | ebr10363736 | ||
| 003 | CaPaEBR | ||
| 006 | m u | ||
| 007 | cr cn||||||||| | ||
| 008 | 080226s2008 ne ab sb 001 0 eng | ||
| 010 | _z 2008008973 | ||
| 015 |
_aGBA852818 _2bnb |
||
| 016 | 7 |
_z014576313 _2Uk |
|
| 016 | 7 |
_zB0809067 _2bccb |
|
| 020 | _z9789004167063 (hardback : alk. paper) | ||
| 020 | _z9004167064 (hardback : alk. paper) | ||
| 040 |
_aCaPaEBR _cCaPaEBR |
||
| 035 | _a(OCoLC)645402557 | ||
| 043 | _aa-ii--- | ||
| 050 | 1 | 4 |
_aBL2016.S55 _bB35 2008eb |
| 100 | 1 | _aBalikci, Anna. | |
| 245 | 1 | 0 |
_aLamas, shamans and ancestors _h[electronic resource] : _bvillage religion in Sikkim / _cby Anna Balikci. |
| 260 |
_aLeiden ; _aBoston : _bBrill, _c2008. |
||
| 300 |
_axx, 403 p. : _bill., maps. |
||
| 490 | 1 |
_aBrill's Tibetan studies library, _x1568-6183 ; _vv. 17 |
|
| 500 | _aOriginally presented as the author's thesis (doctoral--University of London, School of Oriental and African Studies). | ||
| 504 | _aIncludes bibliographical references (p. [387]-394) and indexes. | ||
| 533 |
_aElectronic reproduction. _bPalo Alto, Calif. : _cebrary, _d2013. _nAvailable via World Wide Web. _nAccess may be limited to ebrary affiliated libraries. |
||
| 650 | 0 |
_aBhotia (Tibetan people) _zIndia _zSikkim _xReligion. |
|
| 650 | 0 |
_aShamans _zIndia _zSikkim. |
|
| 650 | 0 |
_aLamas _zIndia _zSikkim. |
|
| 650 | 0 |
_aBon (Tibetan religion) _xRelations _xBuddhism. |
|
| 650 | 0 |
_aBuddhism _xRelations _xBon. |
|
| 655 | 7 |
_aElectronic books. _2local |
|
| 710 | 2 | _aebrary, Inc. | |
| 830 | 0 |
_aBrill's Tibetan studies library ; _vv. 17. |
|
| 856 | 4 | 0 |
_uhttp://site.ebrary.com/lib/rucke/Doc?id=10363736 _zAn electronic book accessible through the World Wide Web; click to view |
| 999 |
_c214869 _d214869 |
||